| Tag |
First Indicator |
Second Indicator |
Subfields |
| LEADER |
00000cam a2200000 a 4500 |
| 001 |
in00000028227 |
| 005 |
20151007060029.0 |
| 008 |
870806s1988 dcua b 00110 eng |
| 010 |
|
|
|a 87022289
|
| 020 |
|
|
|a 0871874393 (pbk.) :
|c $10.95
|
| 035 |
|
|
|a (OCoLC)16527355
|
| 035 |
|
|
|9 AAB9923AM
|
| 040 |
|
|
|a DLC
|c DLC
|d TXA
|d UtOrBLW
|
| 043 |
|
|
|a n-us---
|
| 049 |
|
|
|a TXAM
|c [A11535528]
|
| 050 |
0 |
0 |
|a JK524
|b .W38 1988
|
| 082 |
0 |
|
|a 324.973/092
|2 19
|
| 100 |
1 |
|
|a Watson, Richard Abernathy,
|d 1923-
|
| 245 |
1 |
4 |
|a The presidential contest :
|b with a guide to the 1988 presidential race /
|c Richard A. Watson.
|
| 250 |
|
|
|a 3rd ed.
|
| 264 |
|
1 |
|a Washington, D.C. :
|b CQ Press,
|c [1988]
|
| 264 |
|
4 |
|c ©1988
|
| 300 |
|
|
|a xii, 155 pages :
|b illustrations ;
|c 23 cm.
|
| 336 |
|
|
|a text
|b txt
|2 rdacontent
|
| 337 |
|
|
|a unmediated
|b n
|2 rdamedia
|
| 338 |
|
|
|a volume
|b nc
|2 rdacarrier
|
| 504 |
|
|
|a Includes bibliographical references and index.
|
| 536 |
|
|
|a Dr. Paul P. Van Riper collection, Department of Political Science.
|
| 650 |
|
0 |
|a Presidents
|z United States
|x Election.
|
| 999 |
|
|
|a MARS
|
| 999 |
f |
f |
|s 24377476-de85-35e9-bb2c-60e9af10bbed
|i 08067a11-d936-34b5-9d63-4a59e16069f6
|t 0
|
| 952 |
f |
f |
|p ric
|a Texas A&M University
|b Rellis Campus
|c Joint Library Facility
|d Remote Storage
|t 0
|e JK524 .W38 1988
|h Library of Congress classification
|i unmediated -- volume
|m A14811535528
|
| 998 |
f |
f |
|a JK524 .W38 1988
|t 0
|l Remote Storage
|